[Event "Open"]
[Site "Cappelle la Grande FRA"]
[Date "2003.02.28"]
[Round "8"]
[White "Atalik,S"]
[Black "Shaw,J"]
[Result "1-0"]
[WhiteElo "2581"]
[BlackElo "2470"]

1.Nf3 d5 2.g3 Nf6 3.Bg2 c6 4.O-O Bf5 5.c4 e6 6.cxd5 cxd5 7.Qb3 Qc8 8.d3 Be7
9.Nd4 Bg6 10.Bf4 Nc6 11.Rc1 Qd7 12.Nxc6 bxc6 13.Nd2 Bh5 14.e4 O-O 15.e5 Rfb8
16.Qc2 Ne8 17.Qxc6 Qxc6 18.Rxc6 Rxb2 19.Nb3 Bd8 20.Bc1 Re2 21.Be3 Bb6 22.Bf1 Rb2
23.Bxb6 axb6 24.Rxb6 Rbxa2 25.Rxa2 Rxa2 26.Rb8 Kf8 27.d4 Rb2 28.Bb5 f6 29.Nc5 Bf3
30.Nxe6+ Ke7 31.Rxe8+ Kf7 32.Nd8+ Kg6 33.Bd3+ f5 34.Rf8 Rd2 35.Ne6 Rd1+ 36.Bf1 Kh6
37.Nf4 g5 38.Rf6+ Kg7 39.Ne6+  1-0

[Event "X Anibal Open"]
[Site "Linares ESP"]
[Date "2003.02.28"]
[Round "1"]
[White "Ubilava,E"]
[Black "Rasch,H"]
[Result "1/2-1/2"]
[WhiteElo "2545"]
[BlackElo "2232"]

1.Nf3 d5 2.g3 Nf6 3.Bg2 c6 4.d3 Nbd7 5.O-O e5 6.b3 Bd6 7.Nbd2 O-O 8.e4 Re8
9.Bb2 b6 10.d4 dxe4 11.Nxe5 Nxe5 12.dxe5 Bg4 13.Nc4 Bxd1 14.Raxd1 Nd7 15.Nxd6 Nxe5
16.Nxe8 Qxe8 17.Bxe4 Nc4 18.Rfe1 Nxb2 19.Bxh7+ Kxh7 20.Rxe8 Rxe8 21.Rb1 Nc4
22.bxc4 Re4 23.c5 b5 24.Kf1 a5 25.c3 Rc4 26.Rc1 Rxc5 27.Ke2 Rc4 28.Kd3 Kg6
29.Re1 f5 30.f4 Kf6 31.Re8 Kf7 32.Re5 g6 33.Re1 Ra4 34.Re2 Kf6 35.h3 g5 36.fxg5+ Kxg5
37.Re5 Rxa2 38.g4 Rf2 39.Rc5 Rf3+ 40.Kc2 Rxh3 41.gxf5 b4  1/2-1/2

[Event "52nd ch-BUL w"]
[Site "Sofia BUL"]
[Date "2003.02.28"]
[Round "8"]
[White "Voiska,M"]
[Black "Raeva,E"]
[Result "1-0"]
[WhiteElo "2343"]
[BlackElo "2143"]

1.Nf3 d5 2.g3 Nf6 3.Bg2 g6 4.c4 c6 5.Qa4 Nbd7 6.cxd5 cxd5 7.Nc3 Bg7 8.O-O O-O
9.d4 Nb6 10.Qb3 Bf5 11.a4 Qc8 12.Bg5 Qe6 13.Ne5 a5 14.Bxf6 exf6 15.Nd3 Bxd3
16.exd3 Rfd8 17.Rfe1 Qd6 18.Nb5 Qd7 19.Nc3 Qd6 20.Nxd5 Nxd5 21.Bxd5 Qxd5
22.Re8+ Bf8 23.Qxd5 Rxd5 24.Rxa8 Kg7 25.Rc1 Rxd4 26.Rxa5 b6 27.Rb5 Rxa4 28.Rxb6 Rd4
29.Rb7 Rxd3 30.Rcc7 Bd6 31.Rxf7+ Kh6 32.Rxh7+ Kg5 33.Rhd7 Rd1+ 34.Kg2 Rd2
35.Ra7 f5 36.Ra6 Bb4 37.Rxd2 Bxd2 38.Rb6  1-0

[Event "11th Fajr Open"]
[Site "Tehran IRI"]
[Date "2003.02.28"]
[Round "2"]
[White "Bakhtiari,K"]
[Black "Darini,P"]
[Result "1-0"]
[WhiteElo "2315"]
[BlackElo "2009"]

1.Nf3 d5 2.g3 c5 3.Bg2 Nc6 4.O-O e5 5.d3 f5 6.c4 d4 7.e3 dxe3 8.Bxe3 Nf6
9.Nc3 Be7 10.Nd5 O-O 11.Nxf6+ Rxf6 12.Ng5 Qe8 13.f4 h6 14.Nf3 Bd6 15.Re1 exf4
16.Bxf4 Qd8 17.Bxd6 Qxd6 18.Qd2 Be6 19.Rad1 Rd8 20.a3 Bf7 21.Qc3 Kf8 22.Rd2 Nd4
23.Nxd4 Qxd4+ 24.Qxd4 Rxd4 25.Bxb7 Bxc4 26.Rc2 Bd5 27.Bxd5 Rxd5 28.Re3 g5
29.Kf1 Kf7 30.Ke2 Kg6 31.Kd2 f4 32.gxf4 Rxf4 33.Kc3 Kf5 34.b3 Kg4 35.a4 h5
36.Rd2 Kh4 37.Re7 a5 38.Ra7 g4 39.Rxa5 g3 40.hxg3+ Kxg3 41.Ra8 h4 42.Rg8+ Rg4
43.Rg2+ Kxg2 44.Rxg4+ Kh3 45.Rg8 Kh2 46.a5 c4 47.dxc4 Rxa5 48.Kb4 Ra2 49.c5 h3
50.c6 Rc2 51.Kb5 Kh1 52.b4 h2 53.Rh8 Kg2 54.Kb6 h1=Q 55.Rxh1 Kxh1 56.b5 Kg2
57.c7 Kf3 58.Kb7 Ke4 59.c8=Q Rxc8 60.Kxc8  1-0

[Event "69th ch-BLR"]
[Site "Minsk BLR"]
[Date "2003.03.01"]
[Round "2"]
[White "Kochetkov,Vit"]
[Black "Zhigalko,A"]
[Result "1/2-1/2"]
[WhiteElo "2396"]
[BlackElo "2450"]

1.Nf3 d5 2.g3 g6 3.Bg2 Bg7 4.d4 Nf6 5.c4 dxc4 6.O-O O-O 7.Na3 c3 8.bxc3 c5
9.Ne5 Nc6 10.Nxc6 bxc6 11.Qa4 Nd5 12.Qxc6 Be6 13.Qxc5 Rc8 14.Qxa7 Nxc3 15.e3 Bd5
16.f3 Qd6 17.Qa5 Ne2+ 18.Kh1 Ra8 19.Qd2 Nxc1 20.Nb5 Qc6 21.Nc3 Nxa2 22.Nxa2 Qa4
23.f4 Qxa2 24.Qxa2 Bxa2 25.Bxa8 Rxa8 26.Kg1 Bd5 27.Rxa8+ Bxa8 28.Rb1 Be4
29.Rb8+ Bf8 30.Kf2 Kg7 31.h4 h5 32.Rc8 f6 33.Rb8 Kf7 34.Rb6 Bh6 35.Ra6 Bf8
36.Rb6 Bd5 37.Ra6 Bh6 38.Rb6 Kg7 39.Ra6 Kf7 40.Rb6 Be4 41.Ra6 Bf5 42.Rb6 Bf8
43.Ra6 e6 44.Ra7+ Be7 45.Kf3 Bg4+ 46.Kf2 Bd1 47.Rb7 Bc2 48.Rc7 Be4 49.Ra7 Kf8
50.Ra6 Bd5 51.Ra7 Be4 52.Ra6 Bf5 53.Ra8+ Kf7 54.Ra7 Be4  1/2-1/2

[Event "4th ch-Asia"]
[Site "Doha QAT"]
[Date "2003.03.02"]
[Round "9"]
[White "Jasim,A"]
[Black "Hilwani,T"]
[Result "0-1"]
[WhiteElo "2278"]
[BlackElo "2291"]

1.Nf3 d5 2.g3 c6 3.Bg2 Bg4 4.c4 Nf6 5.O-O Nbd7 6.cxd5 cxd5 7.Nc3 e6 8.Qa4 a6
9.e3 Be7 10.h3 Bh5 11.a3 O-O 12.b4 Bd6 13.Qb3 Qe7 14.Bb2 Rfc8 15.Rfe1 b5
16.g4 Bg6 17.Nh4 Ne5 18.Rad1 Nfxg4 19.Nxg6 Nxg6 20.hxg4 Qh4 21.Ne4 Qh2+ 22.Kf1 Nf4
23.Bf3 dxe4  0-1

[Event "X Anibal Open"]
[Site "Linares ESP"]
[Date "2003.03.02"]
[Round "3"]
[White "Ubilava,E"]
[Black "Abdelnabbi,I"]
[Result "0-1"]
[WhiteElo "2545"]
[BlackElo "2414"]

1.Nf3 d5 2.g3 c6 3.Bg2 Bf5 4.b3 e6 5.Bb2 Nd7 6.d3 h6 7.Nbd2 Ngf6 8.O-O Bh7
9.a3 a5 10.Qe1 Be7 11.e4 O-O 12.Qe2 Qb6 13.Kh1 Qa6 14.e5 Ne8 15.Ne1 Nc7 16.f4 Rae8
17.Nef3 Qa8 18.g4 Qd8 19.Rae1 f6 20.exf6 Bxf6 21.Ne5 Nxe5 22.Bxe5 Nb5 23.a4 Nd4
24.Qd1 Bxe5 25.Rxe5 c5 26.f5 exf5 27.Bxd5+ Kh8 28.Rfe1 Rxe5 29.Rxe5 fxg4
30.Nc4 Qh4 31.Qe1 Qf6 32.Qg1 Nf3  0-1

[Event "FSIMA March"]
[Site "Budapest HUN"]
[Date "2003.03.03"]
[Round "3"]
[White "Jakab,A"]
[Black "Banusz,T"]
[Result "0-1"]
[WhiteElo "2358"]
[BlackElo "2255"]

1.Nf3 d5 2.g3 Nf6 3.Bg2 c6 4.O-O Bg4 5.d3 Nbd7 6.Nbd2 e5 7.e4 Bd6 8.h3 Bxf3
9.Qxf3 O-O 10.exd5 Nxd5 11.Nc4 Be7 12.Bd2 Re8 13.Rae1 Qc7 14.h4 Bf8 15.Bh3 N7b6
16.Na5 Rad8 17.Re4 Nc8 18.Nb3 g6 19.g4 Bg7 20.Rfe1 Nd6 21.R4e2 f5 22.gxf5 gxf5
23.Bxf5 Rf8 24.Be6+ Kh8 25.Qh3 Nf4 26.Bxf4 Rxf4 27.f3 Bf6 28.Rg2 Qe7 29.Qg3 Nf7
30.Bg4 Qd6 31.Re4 Rg8 32.Qe1 Qd8 33.Rxf4 exf4 34.Qe4 Re8 35.Be6 Ne5 36.Bf5 Ng6
37.Bxg6 Rxe4 38.Bxe4 Bxb2 39.Rg4 a5 40.Kg2 b6 41.Nd2 Bc3 42.Nf1 Qf6 43.Rg5 h6
44.Rg6 Qxh4 45.Nh2 h5 46.Rxc6 Qg3+ 47.Kh1 Bd4 48.Rg6 Qf2 49.c3 Bxc3 50.d4 h4
51.Bf5 Qxa2 52.Bd3 Qd2 53.Bf1 Qxd4  0-1

[Event "Spring Festival WGM"]
[Site "Bucharest ROM"]
[Date "2003.03.05"]
[Round "3"]
[White "Bogza,A"]
[Black "Dragomirescu,An"]
[Result "1/2-1/2"]
[WhiteElo "2295"]
[BlackElo "2306"]

1.Nf3 d5 2.g3 c6 3.Bg2 f5 4.d3 Nf6 5.O-O e6 6.Nbd2 Bc5 7.c4 O-O 8.Qc2 Nbd7
9.e4 Bb6 10.e5 Ng4 11.d4 Qe8 12.h3 Nh6 13.Nb3 Bd8 14.Bd2 Qh5 15.Nc1 g5 16.Nh2 Rf7
17.Nd3 Nf8 18.Rfe1 Qg6 19.Rac1 Bb6 20.c5 Bd8 21.b4 f4 22.g4 Qg7 23.a4 Ng6
24.Nf3 Qf8 25.Rb1 Kh8 26.b5 Qe8 27.Rb2 Ng8 28.Reb1 h6 29.Bf1 Kg7 30.Nde1 Rf8
31.Bd3 N8e7 32.Ng2 Qd7 33.Kh2 Nh8 34.h4 Nf7 35.Rh1 Rh8 36.Kg1 Qe8 37.h5 Rg8
38.Bh7 Rh8 39.Bg6 Qf8 40.Kh2 Rg8 41.Bd3 Kh8 42.Rhb1 Qe8 43.Bg6 Rf8 44.Qb3 Rg8
45.Bc2 Rg7 46.Qd3 Qd7 47.Nge1 Kg8 48.Qe2 Kh8 49.Nd3 Kg8 50.Nb4 Kh8 51.Bd3 Rg8
52.bxc6 Nxc6 53.Nxc6 bxc6 54.Ba6 Bc7 55.Ne1 Bxa6 56.Qxa6 Nd8 57.f3 Qc8 58.Qxc8 Rxc8
59.a5 a6 60.Nd3 Rg7 61.Kg2 Kg8 62.Kf2 Rf7 63.Ke2 Kf8 64.Bc3 Ke8 65.Kd2 Ra8
66.Kc2 Kd7 67.Bd2 Kc8 68.Nb4 Ra7 69.Nd3  1/2-1/2

[Event "FSGM March"]
[Site "Budapest HUN"]
[Date "2003.03.05"]
[Round "5"]
[White "Kustar,S"]
[Black "Horvath,P1"]
[Result "1-0"]
[WhiteElo "2384"]
[BlackElo "2458"]

1.Nf3 d5 2.g3 c5 3.Bg2 g6 4.d3 Bg7 5.Nbd2 Nf6 6.e4 Nc6 7.O-O O-O 8.Re1 h6
9.c3 dxe4 10.dxe4 Be6 11.Qe2 Nd7 12.Nc4 b5 13.Ne3 b4 14.Bd2 a5 15.Red1 a4
16.Nd5 a3 17.bxa3 Rxa3 18.Bc1 Ra7 19.Bb2 Bg4 20.cxb4 Nd4 21.Bxd4 cxd4 22.h3 Bxf3
23.Qxf3 e6 24.Nf4 Qb6 25.Qb3 Rfa8 26.a3 Nc5 27.Qc4 Na4 28.Rdc1 d3 29.e5 d2
30.Rc2 Rd8 31.Rd1 Rad7 32.Bc6 Rc7 33.b5 Qa5 34.Nd3 Nb6 35.Qb4 Qa7 36.Rcxd2 Bf8
37.Qb3 Qxa3 38.Qxa3 Bxa3 39.Ra2 Bc5 40.Kf1 Bd4 41.Nb4 Nc4 42.Nc2 Nxe5 43.Rxd4 Nxc6
44.bxc6  1-0

[Event "Edda Rapid"]
[Site "Reykjavic ISL"]
[Date "2003.03.05"]
[Round "9"]
[White "Bergsson,S"]
[Black "Ulfarsson,M"]
[Result "0-1"]
[WhiteElo "2021"]
[BlackElo "2371"]

1.Nf3 d5 2.g3 Nf6 3.Bg2 e6 4.O-O c6 5.b3 Bd6 6.Bb2 Nbd7 7.c4 O-O 8.d4 Qe7
9.Nbd2 e5 10.cxd5 cxd5 11.dxe5 Nxe5 12.Rc1 Bg4 13.h3 Bd7 14.Nxe5 Bxe5 15.Bxe5 Qxe5
16.Nf3 Qe7 17.e3 Rac8 18.Qd4 Qa3 19.Rxc8 Rxc8 20.Ne5 Be6 21.g4 h6 22.f4 Qxa2
23.f5 Rc2 24.Bh1 Bd7 25.Bxd5 Rd2 26.Bxf7+ Kh7 27.Bg6+ Kh8 28.Nf7+ Kg8  0-1

[Event "Spring Festival GM"]
[Site "Bucharest ROM"]
[Date "2003.03.06"]
[Round "4"]
[White "Nanu,C"]
[Black "Gordin,A"]
[Result "1/2-1/2"]
[WhiteElo "2456"]
[BlackElo "2275"]

1.Nf3 d5 2.g3 Nf6 3.Bg2 e6 4.O-O c5 5.c4 d4 6.e3 Nc6 7.exd4 cxd4 8.d3 Be7
9.b3 O-O 10.Na3 e5 11.Nc2 Bg4 12.h3 Bh5 13.b4 e4 14.dxe4 d3 15.Ne3 Nxe4 16.Nd5 Nxb4
17.Nxe7+ Qxe7 18.Ba3 a5 19.Re1 f5 20.Bxb4 Qxb4 21.Qxd3 Rad8 22.Qe3 Bxf3 23.Bxf3 Qxc4
24.Rab1 Qxa2 25.Bxe4 fxe4 26.Rxb7 Qd2 27.Qb3+ Kh8 28.Rf1 Rf3 29.Qe6 Qd4 30.Rb3 Rxb3
31.Qxb3 Rf8 32.Qa3 Qf6 33.Qxa5 e3 34.Qe1 exf2+ 35.Rxf2 Qb6 36.Kg2 Rxf2+ 37.Qxf2 Qc6+
38.Qf3 Qc2+ 39.Qf2 Qc6+  1/2-1/2

[Event "1st Breizh Masters"]
[Site "Guingamp FRA"]
[Date "2003.03.06"]
[Round "7"]
[White "Velikov,P"]
[Black "Berthelot,Y"]
[Result "1/2-1/2"]
[WhiteElo "2435"]
[BlackElo "2311"]

1.Nf3 d5 2.g3 c6 3.Bg2 Nf6 4.O-O Bg4 5.d3 Nbd7 6.Nbd2 e5 7.e4 Bd6 8.h3 Bh5
9.Qe1 O-O 10.Nh4 Re8 11.Nb3 dxe4 12.dxe4 a5 13.Nf5 Bb4 14.Bd2 Bxd2 15.Nxd2 Nc5
16.a4 Ne6 17.Qe3 Qc7 18.Nb3 Nd7 19.f3 b6 20.Rfd1 Ndc5 21.Nxc5 Nxc5 22.Bf1 Bg6
23.Nh4 Rad8 24.b3 Rxd1 25.Rxd1 Rd8 26.Rd2 f6 27.Nxg6 hxg6 28.h4 Kf8 29.Kf2 Ke7
30.Bc4 Rxd2+ 31.Qxd2 Qd6 32.Qxd6+ Kxd6 33.Ke3 g5 34.h5 Nb7 35.Ba6  1/2-1/2

[Event "1st Festival"]
[Site "Nancy FRA"]
[Date "2003.03.06"]
[Round "6"]
[White "Zigura,O"]
[Black "Spielmann,Al"]
[Result "1/2-1/2"]
[WhiteElo "2379"]
[BlackElo "2305"]

1.g3 d5 2.Nf3 Nf6 3.Bg2 g6 4.O-O Bg7 5.d4 O-O 6.c4 dxc4 7.Ne5 Nc6 8.Nxc6 bxc6
9.Nc3 Rb8 10.Qc2 Nd5 11.Rd1 Bg4 12.Ne4 Nb6 13.h3 Bf5 14.b3 Qc8 15.g4 Bxe4
16.Bxe4 Qe6 17.bxc4 Nxc4 18.e3 Rb6 19.Bd3 Nd6 20.Ba3 h5 21.Qe2 hxg4 22.hxg4 Ne4
23.Qf3 Nf6 24.g5 Nd5 25.Bc4 Qd7 26.Bc5 Rb7 27.e4 Nb6 28.Rab1 Rbb8 29.Bb3 Nc8
30.e5 Nb6 31.Kg2 Nd5 32.Bxa7 Rxb3 33.Rxb3 f6 34.Rb8 Rxb8 35.Bxb8 fxe5 36.Ba7 e4
37.Qg3 e3 38.Re1 exf2 39.Qxf2 Qg4+ 40.Kf1 Qh3+ 41.Kg1 Qg4+ 42.Kf1 Qh3+  1/2-1/2

[Event "Spring Festival WGM"]
[Site "Bucharest ROM"]
[Date "2003.03.07"]
[Round "5"]
[White "Bogza,A"]
[Black "Ionescu Brandis,I"]
[Result "1/2-1/2"]
[WhiteElo "2295"]
[BlackElo "2356"]

1.Nf3 d5 2.g3 c6 3.Bg2 Bg4 4.b3 Nd7 5.Bb2 Ngf6 6.O-O e6 7.d3 Bd6 8.Nbd2 O-O
9.e4 dxe4 10.dxe4 Be5 11.Qc1 Bxb2 12.Qxb2 e5 13.Rfe1 Qc7 14.a4 Rad8 15.a5 Nc5
16.Qc3 Bxf3 17.Bxf3 Ne6 18.Qe3 Qd6 19.Nc4 Qd4 20.c3 Qxe3 21.Rxe3 Rfe8 22.h4 Re7
23.a6 Nc5 24.axb7 Rxb7 25.b4 Ncd7 26.Rd3 c5 27.bxc5 Rc7 28.c6 Rxc6 29.Nxe5 Rc7
30.Rad1 Kf8 31.Bg2 Ke7 32.Bh3 Nxe5 33.Rxd8 Rxc3 34.Ra8 Nxe4 35.Rxa7+ Kf6
36.Ra6+ Ke7 37.Rb1 Nc5 38.Ra7+ Kf6 39.Kg2 Kg6 40.Rc7 Rc2 41.Rd1 Ned3 42.Rxd3 Nxd3
43.Rxc2 Ne1+  1/2-1/2

[Event "Spring Festival WGM"]
[Site "Bucharest ROM"]
[Date "2003.03.08"]
[Round "6"]
[White "Marin,L"]
[Black "Ciobanu,C"]
[Result "1-0"]
[WhiteElo "2205"]
[BlackElo "2204"]

1.g3 d5 2.Nf3 Nf6 3.Bg2 c5 4.O-O Nc6 5.b3 e5 6.d3 h6 7.Bb2 Bd6 8.e4 d4 9.Nfd2 O-O
10.a4 a6 11.h3 Bd7 12.f4 b5 13.f5 Na5 14.axb5 axb5 15.g4 g5 16.Nf3 Ne8 17.Qe1 f6
18.Nbd2 Rf7 19.h4 Bf8 20.Qg3 Bc6 21.hxg5 hxg5 22.Kf2 c4 23.bxc4 bxc4 24.Rh1 c3
25.Qh2 Bg7 26.Ba3 Nd6 27.Qh7+ Kf8 28.Qg6 cxd2 29.Nxg5 fxg5 30.Bxd6+ Kg8 31.Qh7+  1-0

[Event "Bundesliga 2002-3"]
[Site "Cologne GER"]
[Date "2003.03.09"]
[Round "13"]
[White "Maiwald,JU"]
[Black "Pelletier,Y"]
[Result "1/2-1/2"]
[WhiteElo "2516"]
[BlackElo "2624"]

1.Nf3 d5 2.g3 Bg4 3.Bg2 Nd7 4.O-O e6 5.d3 Bd6 6.Nbd2 Ne7 7.b3 O-O 8.Bb2 a5
9.a3 c6 10.Qe1 Qb8 11.e4 Re8 12.Qe3 f6 13.Rfe1 e5 14.Qe2 d4 15.Qf1 Bh5 16.Bh3 Nc5
17.Nh4 Bf7 18.Bc1 a4 19.b4 Ne6 20.Ndf3 b5 21.Bd2 Qc7 22.c3 dxc3 23.Bxc3 c5
24.Reb1 Rab8 25.Nf5 Nxf5 26.Bxf5 cxb4 27.Bxb4 Bxb4 28.Rxb4 Nc5 29.Rc1 Qb6
30.d4 Nb3 31.Rd1 exd4 32.Bd7 Rxe4 33.Rxb5 Qd8 34.Rxb8 Qxb8 35.Bxa4 Qa7 36.Bxb3 Bxb3
37.Nd2 Bxd1 38.Qc4+ Qf7 39.Qxf7+ Kxf7 40.Nxe4 Ke6 41.Kf1 Kd5 42.Ke1 Bh5 43.Nd2 g5
44.a4 Be8 45.a5 Bb5 46.Nb1 Ba6 47.Na3 Kc5 48.Kd2 Kb4 49.Nc2+ Kc4 50.Na3+ Kb4
51.Nc2+  1/2-1/2

[Event "Jch-RUS b20"]
[Site "Essentuki RUS"]
[Date "2003.03.09"]
[Round "7"]
[White "Yudin,S"]
[Black "Rjabzev,K"]
[Result "1-0"]
[WhiteElo "2406"]
[BlackElo "2315"]

1.Nf3 d5 2.g3 Nf6 3.Bg2 Bg4 4.Ne5 Bc8 5.O-O c6 6.d4 g6 7.c4 dxc4 8.Nxc4 Bg7
9.h3 O-O 10.e4 Na6 11.Nc3 Nc7 12.Be3 Be6 13.Qe2 Qc8 14.Kh2 Rd8 15.Rfd1 Bxc4
16.Qxc4 e6 17.Rac1 Qd7 18.b4 Qe7 19.b5 Nxb5 20.Nxb5 cxb5 21.Qxb5 Qd7 22.Qa5 b6
23.Qa6 Rac8 24.a4 Ne8 25.Rxc8 Rxc8 26.d5 exd5 27.Rxd5 Qc6 28.Qxa7 Nf6 29.Rb5 Nxe4
30.Rxb6 Qe8 31.Bxe4 Qxe4 32.Rb8 Qe8 33.Rxc8 Qxc8 34.a5 Be5 35.a6 f6 36.Qb7  1-0

[Event "Jch-RUS g20"]
[Site "Essentuki RUS"]
[Date "2003.03.09"]
[Round "7"]
[White "Zainullina,N"]
[Black "Kovanova,B"]
[Result "0-1"]
[WhiteElo "2176"]
[BlackElo "2215"]

1.Nf3 d5 2.g3 e6 3.b3 Nf6 4.Bb2 c5 5.Bg2 Nc6 6.O-O Be7 7.d4 O-O 8.Nbd2 b6
9.c4 Bb7 10.dxc5 Bxc5 11.Ne5 Nxe5 12.Bxe5 Ng4 13.Bb2 Qc7 14.e4 f5 15.exd5 exd5
16.cxd5 Nxf2 17.Rxf2 Bxf2+ 18.Kxf2 Qc5+ 19.Kf1 f4 20.g4 Ba6+ 21.Nc4 f3 22.Bh1 Bxc4+
23.bxc4 Qxc4+ 24.Kf2 Qf4 25.Ba3 Rae8 26.Kf1 Qc4+ 27.Kg1 f2+  0-1

[Event "Stroer Trophy"]
[Site "Cannes FRA"]
[Date "2003.03.11"]
[Round "5"]
[White "Foisor,C"]
[Black "Djingarova,E"]
[Result "1-0"]
[WhiteElo "2403"]
[BlackElo "2267"]

1.Nf3 d5 2.g3 c6 3.Bg2 Bg4 4.d3 Nd7 5.Nbd2 e5 6.e4 dxe4 7.dxe4 Ngf6 8.h3 Bh5
9.O-O Be7 10.Qe2 O-O 11.Rd1 Qc7 12.g4 Bg6 13.Nh4 Rfe8 14.Nf5 Bf8 15.Nf1 Nc5
16.N1g3 Ne6 17.g5 Nd7 18.Qg4 Rad8 19.h4 Nf4 20.Bf1 Bxf5 21.exf5 Nc5 22.Be3 b5
23.h5 Rxd1 24.Rxd1 Nd5 25.h6 Nxe3 26.fxe3 g6 27.b4 Na4 28.Ne4 Rd8 29.fxg6 hxg6
30.Rxd8 Qxd8 31.c4 Nb2 32.c5 Nc4 33.Nf6+ Kh8 34.Qd7 Qxd7 35.Nxd7 Be7 36.Bxc4 bxc4
37.Kf2 c3 38.Ke2 c2 39.Kd2 Bxg5 40.Kxc2 Bxe3 41.Nxe5 Bxh6 42.Nxf7+ Kg7 43.Nxh6  1-0

[Event "Spring Festival WGM"]
[Site "Bucharest ROM"]
[Date "2003.03.12"]
[Round "10"]
[White "Marin,L"]
[Black "Dragomirescu,An"]
[Result "1/2-1/2"]
[WhiteElo "2205"]
[BlackElo "2306"]

1.g3 d5 2.Nf3 Bg4 3.Bg2 Nd7 4.d3 Ngf6 5.O-O c6 6.Nbd2 e5 7.e4 dxe4 8.dxe4 Be7
9.h3 Bh5 10.Qe2 O-O 11.a4 a5 12.b3 Re8 13.Bb2 Bf8 14.Rfd1 Qc7 15.Nc4 h6 16.Rd2 Bb4
17.c3 Bf8 18.Rdd1 Nc5 19.Ncd2 Rad8 20.Rab1 Nfd7 21.Ba1 f6 22.Nf1 Nb6 23.Qc2 Rxd1
24.Rxd1 Rd8 25.Rxd8 Qxd8 26.N3d2 Bf7 27.Ne3 Qd3 28.Qxd3 Nxd3 29.Bf1 Nc5 30.c4 Na6
31.Bc3 Nb4 32.Kg2 Nd7 33.Kf3 Bc5 34.Ke2 Na2 35.Bb2 Bd4 36.Bxd4 exd4 37.Nf5 c5
38.Nd6 b6 39.f4 Be6 40.Kf3 Nb4 41.Nb5 Na6 42.Bg2 g5 43.Ke2 Kf8 44.Kf2 Ke7
45.Ke2 Nf8 46.Kf2 Bd7 47.h4 gxh4 48.gxh4 Bg4 49.Bf3 Bxf3 50.Kxf3 h5 51.Nf1 Ng6
52.Kg3 Kd7  1/2-1/2

[Event "Mediteranian Flower WGM"]
[Site "Rejika CRO"]
[Date "2003.03.12"]
[Round "6"]
[White "Jelica,M"]
[Black "Medic,Mir"]
[Result "1/2-1/2"]
[WhiteElo "2230"]
[BlackElo "2308"]

1.Nf3 d5 2.g3 Nf6 3.Bg2 c6 4.O-O Bg4 5.d4 e6 6.c3 Bd6 7.Bg5 Nbd7 8.Nbd2 O-O
9.h3 Bxf3 10.Nxf3 h6 11.Bxf6 Nxf6 12.Nd2  1/2-1/2

[Event "Spring Festival GM"]
[Site "Bucharest ROM"]
[Date "2003.03.14"]
[Round "12"]
[White "Badea,B"]
[Black "Bets,A"]
[Result "1-0"]
[WhiteElo "2495"]
[BlackElo "2357"]

1.Nf3 d5 2.g3 Nf6 3.Bg2 e6 4.O-O Be7 5.d4 b5 6.Ne5 O-O 7.c3 Nfd7 8.Nd3 a5
9.e4 Bb7 10.Nd2 Nb6 11.exd5 exd5 12.Re1 N8d7 13.Nf3 Nf6 14.Nfe5 Nfd7 15.Ng4 Nf6
16.Bg5 Bc8 17.Nge5 Be6 18.Nc6 Qe8 19.Nxe7+ Qxe7 20.Nc5 h6 21.Bf4 Rfe8 22.Qe2 c6
23.Bh3 Ne4 24.Bxe6 fxe6 25.Nxe4 dxe4 26.Qxe4 Nd5 27.Bd2 a4 28.Re2 Qf6 29.Rae1 Kf7
30.Qg2 Rac8 31.Re5 c5 32.dxc5 Rxc5 33.Qe4 a3 34.b3 Nxc3 35.Bxc3 Rxc3 36.Rxb5 Rf3
37.Re2 Kg8 38.Rb6 Rc3 39.Kg2 Rc1 40.Rc6 Rd1 41.Qc4 Qf7 42.Rcxe6 Rxe6 43.Rxe6 Qb7+
44.f3 Qd5 45.Qxd5 Rxd5 46.Re2 Rd1 47.Kf2 Kf7 48.Ke3 Ke6 49.Rd2 Rc1 50.Kd3 Kd5
51.Rc2 Rb1 52.Re2 Kc5 53.Re5+ Kb4 54.Re4+ Kb5 55.Ra4 Rb2 56.Rxa3 Rxh2 57.Ra7 g5
58.a4+ Kb6 59.Rh7 Ka5 60.Kc3 Rh1 61.Ra7+ Kb6 62.Rf7 Rh3 63.Rf6+ Kc7 64.g4 h5
65.gxh5 g4 66.Kc4 gxf3 67.h6 f2 68.Rxf2 Rxh6 69.Rf4 Kb6 70.b4 Rc6+ 71.Kb3 Rh6
72.a5+ Kb5 73.Rf5+ Kc6 74.Ka4 Rh4 75.Rf6+  1-0

[Event "Tch-SWE 2002-3"]
[Site "Sweden SWE"]
[Date "2003.03.14"]
[Round "9"]
[White "Hillarp Persson,T"]
[Black "Ivanov,Se"]
[Result "1-0"]
[WhiteElo "2482"]
[BlackElo "2561"]

1.Nf3 d5 2.g3 Bg4 3.Bg2 Nd7 4.c4 e6 5.cxd5 exd5 6.Nc3 c6 7.d3 Ngf6 8.h3 Bh5
9.Qc2 Bd6 10.O-O O-O 11.e4 Re8 12.Nh4 Bf8 13.f4 d4 14.Nb1 Nc5 15.g4 Bxg4
16.hxg4 Nxg4 17.Nf3 Ne3 18.Bxe3 dxe3 19.Rd1 Qb6 20.Nc3 Ne6 21.d4 Nxf4 22.Ne2 Nxg2
23.Kxg2 c5 24.dxc5 Bxc5 25.e5 Rac8 26.Rac1 Qe6 27.Qe4 h5 28.Ng5 Qg4+ 29.Qxg4 hxg4
30.e6 f6 31.Ne4 Bb6 32.Nf4 e2 33.Rh1 Rcd8 34.Rce1 Be3 35.Ng6 Bh6 36.e7 Rd4
37.Rxh6 Kf7 38.Ng5+ fxg5 39.Ne5+ Kxe7 40.Rg6 Kf8  1-0

[Event "19th Open"]
[Site "Bad Woerishofen GER"]
[Date "2003.03.15"]
[Round "3"]
[White "Kengis,E"]
[Black "Lieb,H"]
[Result "1-0"]
[WhiteElo "2570"]
[BlackElo "2336"]

1.Nf3 d5 2.g3 c6 3.Bg2 Bg4 4.O-O Nd7 5.d4 e6 6.Nbd2 Ngf6 7.Re1 Be7 8.e4 dxe4
9.Nxe4 Nxe4 10.Rxe4 Nf6 11.Re1 O-O 12.c3 Qc7 13.Qb3 Bxf3 14.Bxf3 Rfd8 15.Bd2 Rd7
16.Re2 Rad8 17.Rae1 c5 18.Bf4 Bd6 19.Bxd6 Qxd6 20.Rxe6 Qf8 21.R6e5 cxd4 22.cxd4 Rxd4
23.Qxb7 Rb4 24.Qxa7 Rxb2 25.a4 h6 26.Re7 Rbd2 27.a5 R2d7 28.Rxd7 Rxd7 29.Qb6 Qa3
30.Bc6 Qc3 31.Qb8+ Kh7 32.Qb1+  1-0

[Event "19th Spring Fest"]
[Site "Budapest HUN"]
[Date "2003.03.15"]
[Round "2"]
[White "Klyszcz,M"]
[Black "Csapo,Z"]
[Result "0-1"]
[WhiteElo "2081"]
[BlackElo "2212"]

1.Nf3 d5 2.g3 Nc6 3.c4 Nf6 4.cxd5 Qxd5 5.Nc3 Qa5 6.Bg2 g6 7.O-O Bg7 8.d3 O-O
9.Bd2 Qh5 10.Qb3 Rb8 11.Rab1 Be6 12.Qb5 Qxb5 13.Nxb5 Ne8 14.b3 a6 15.Na3 Nd6
16.Rfc1 Rfc8 17.Bc3 Bxc3 18.Rxc3 Nb4 19.Rb2 c5 20.Nd2 b5 21.Rc1 a5 22.Rcb1 Nf5
23.Kf1 Nd4 24.Nf3 Bd5 25.Ne1 Bxg2+ 26.Kxg2 Nd5 27.Rc1 b4 28.Nb1 a4 29.bxa4 Nb6
30.Nf3 Nxa4 31.Rd2 Nb5 32.Rdc2 Nbc3 33.Kf1 Nxb1 34.Rxb1 Nc3 35.Rbb2 Nxa2
36.Rc4 Nc3 37.d4 cxd4 38.Rxc8+ Rxc8 39.Rxb4 Ra8 40.Nxd4 Ra1+ 41.Kg2 Ra2 42.Kf1 e5
43.Nb5 Nxe2 44.Re4 Nc1 45.Rxe5 Rxf2+ 46.Kg1 Rd2 47.Nc3 Kg7 48.Re3 Rc2 49.Nd5 Ne2+
50.Kf1 Nd4 51.h3 h5 52.Rd3 Ne6 53.Ne3 Ra2 54.Kg1 Ng5 55.h4 Nf3+ 56.Kf1 Nd2+
57.Kg1 Ne4 58.Nf1 Kf6 59.Rf3+ Ke6 60.Rb3 f6  0-1

[Event "Stroer Trophy"]
[Site "Cannes FRA"]
[Date "2003.03.15"]
[Round "9"]
[White "Foisor,C"]
[Black "Leconte,JO"]
[Result "1/2-1/2"]
[WhiteElo "2403"]
[BlackElo "2302"]

1.Nf3 d5 2.g3 Nf6 3.Bg2 g6 4.O-O Bg7 5.d3 O-O 6.c3 a5 7.Nbd2 Nc6 8.Qc2 e5
9.e4 h6 10.b3 Re8 11.Bb2 b6 12.a3 dxe4 13.dxe4 Ba6 14.c4 Qe7 15.Rfd1 Nh7
16.Nf1 Ng5 17.Nxg5 hxg5 18.Ne3 Nd4 19.Qd3 c6 20.Nc2 Rad8 21.Nxd4 exd4  1/2-1/2

[Event "TCh-CZE 2002-3"]
[Site "Czech Rep CZE"]
[Date "2003.03.15"]
[Round "8"]
[White "Gross,S"]
[Black "Mozny,M"]
[Result "1/2-1/2"]
[WhiteElo "2351"]
[BlackElo "2391"]

1.Nf3 d5 2.g3 c6 3.Bg2 Bf5 4.d3 Nf6 5.b3 e6 6.Bb2 Nbd7 7.Nbd2 Be7 8.O-O O-O
9.c4 Bg6 10.Rc1 Rc8 11.Rc2 c5 12.cxd5 Nxd5 13.a3 Bf6 14.Qa1 Bxb2 15.Qxb2 Qe7
16.Rfc1 Rfd8 17.b4 b6 18.bxc5 Nxc5 19.Ne5 Qf8 20.Nxg6 hxg6 21.d4 Na4 22.Qb3 Rxc2
23.Rxc2 Qe8 24.e4 Ne7 25.Nf3 b5 26.Rc7 a6 27.Bh3 Rc8 28.Qc2 Qd8 29.Rxc8 Qxc8
30.Qd2 Qc7 31.d5 exd5 32.exd5 Qd6 33.Ng5 Nb6 34.Bg2 Nbxd5 35.Bxd5 Nxd5 36.h4 f6
37.Ne4 Qe5 38.Nc5 f5 39.Nxa6 f4 40.Nb4  1/2-1/2

[Event "Spring Festival GM"]
[Site "Bucharest ROM"]
[Date "2003.03.16"]
[Round "14"]
[White "Nanu,C"]
[Black "Bets,A"]
[Result "1/2-1/2"]
[WhiteElo "2456"]
[BlackElo "2357"]

1.Nf3 d5 2.g3 e6 3.Bg2 Nf6 4.O-O Be7 5.d3 O-O 6.Nbd2 b6 7.e4 Ba6 8.e5 Nfd7
9.Re1 c5 10.h4 Nc6 11.Nf1 Qc7 12.Bf4 Nd4 13.N1h2 Nxf3+ 14.Qxf3 Rab8 15.Ng4 Kh8
16.Bg5 Qd8 17.Bf4 b5 18.Nh2 Bb7 19.Qh5 Qe8 20.Qe2 d4 21.Bxb7 Rxb7 22.Nf3 Qa8
23.Bg5 Re8 24.Bxe7 Rxe7 25.Ng5 Rc7 26.f4 Nb6 27.Ne4 Nd5 28.c4 bxc4 29.dxc4 Ne3
30.Qd3 Red7 31.Re2 Qc6 32.h5 h6 33.Kh2 Qa8 34.Rg1 Qd8 35.Nd6 Ng4+ 36.Kh3 f5
37.exf6 Rxd6 38.Kxg4 gxf6 39.Kh3 Rg7 40.Rge1 Qe8 41.Qf5 Qc6 42.Rxe6 Rxe6
43.Qxe6 Qf3 44.Rg1 Qxh5+ 45.Kg2 Qg6 46.Kf2 Qc2+ 47.Qe2 Qf5 48.Rh1 Kh7 49.Rh5 Qg6
50.g4 d3 51.Qe6 d2 52.Rd5 Qxg4 53.Qxg4 Rxg4 54.Kf3 Rg1 55.Rxd2 Kg6 56.Rd7 Rf1+
57.Ke3 Re1+ 58.Kd2 Re4 59.Kd3 Rxf4 60.Rxa7 h5 61.Re7 Rf2 62.Kc3 h4 63.a4 h3
64.Re1 Kg5 65.a5 h2 66.a6 Re2 67.Ra1 Kg4 68.b4 cxb4+ 69.Kxb4 Ra2 70.Rh1 Kg3
71.Kb5 Kg2 72.Rxh2+ Kxh2 73.c5 f5 74.c6 Rb2+ 75.Kc5 Rb8 76.c7 Rf8 77.Kb6 f4
78.Kb7 f3 79.c8=Q Rxc8 80.Kxc8  1/2-1/2

[Event "19th Spring Fest"]
[Site "Budapest HUN"]
[Date "2003.03.16"]
[Round "3"]
[White "Farkas,Lo"]
[Black "Boguszlavszkij,J"]
[Result "0-1"]
[WhiteElo "2087"]
[BlackElo "2280"]

1.Nf3 d5 2.g3 Nd7 3.Bg2 e5 4.d3 Ngf6 5.O-O Bd6 6.Nc3 d4 7.Ne4 Nxe4 8.dxe4 Nf6
9.e3 dxe3 10.Bxe3 O-O 11.Qd3 Qe7 12.c3 Ng4 13.Bg5 f6 14.Bc1 f5 15.exf5 Bxf5
16.Qd5+ Be6 17.Qe4 c6 18.Ng5 Nf6 19.Qe2 Bd5 20.Ne4 Nxe4 21.Bxe4 Bc5 22.Qd3 Rad8
23.Be3 h6 24.b4 Bb6 25.a4 Qe6 26.Bxb6 axb6 27.Qe3 Bxe4 28.Qxe4 Qd5 29.Rae1 Qxe4
30.Rxe4 Rf3 31.Rxe5 Kf7 32.Re3 Rxe3 33.fxe3+ Ke6 34.Rf4 Rd1+ 35.Kf2 Rd2+
36.Kf3 Rxh2 37.Re4+ Kd6 38.Rd4+ Ke6 39.Re4+ Kf6 40.Rf4+ Kg6 41.Rg4+ Kf7 42.Rf4+ Ke7
43.Re4+ Kd7 44.Rd4+ Kc7 45.e4 c5 46.Rc4 Rh5 47.Kf4 Kd6 48.a5 bxa5 49.bxa5 Re5
50.Ra4 Re6 51.a6 Rf6+ 52.Ke3 bxa6 53.Rxa6+ Ke5 54.Ra7 g6 55.Rc7  0-1